[Event "TCh-BIH"]
[Site "Jahorina BIH"]
[Date "2003.06.26"]
[Round "8"]
[White "Boric,M"]
[Black "Puric,N"]
[Result "1/2-1/2"]
[WhiteElo "2410"]
[BlackElo "2319"]

1.c4 e5 2.g3 Nc6 3.Bg2 d6 4.Nc3 f5 5.d3 Nf6 6.Nf3 Be7 7.O-O O-O 8.Rb1 Qe8
9.e3 Bd7 10.b4 Nd8 11.Ne1 Bc6 12.e4 Bd7 13.exf5 Bxf5 14.Bg5 c6 15.b5 Ne6
16.Bxf6 Rxf6 17.bxc6 bxc6 18.Ne4 Bxe4 19.Bxe4 Nc5 20.Bg2 Qd7 21.d4 exd4 22.Qxd4 Raf8
23.Nd3 Nxd3 24.Qxd3 Bd8  1/2-1/2

[Event "zt 3.2a w"]
[Site "Ho Chi Minh City VIE"]
[Date "2003.06.29"]
[Round "9"]
[White "Pham Bich Ngoc"]
[Black "Liu Yang"]
[Result "1/2-1/2"]
[WhiteElo "2078"]
[BlackElo "2050"]

1.c4 e5 2.g3 Nf6 3.Bg2 d5 4.cxd5 Nxd5 5.Nc3 Nb6 6.Nf3 Nc6 7.O-O Be7 8.d3 O-O
9.a3 Re8 10.b4 Bf8 11.Bb2 Bg4 12.h3 Bh5 13.Re1 Rb8 14.b5 Nd4 15.g4 Bg6 16.Nxd4 exd4
17.Na4 h5 18.Nxb6 axb6 19.Qd2 hxg4 20.hxg4 Qf6 21.Bf3 Bd6 22.Kg2 Be5 23.Rh1 c5
24.Rh3 Kf8 25.a4 Ke7 26.Rah1 Kd6 27.Ba3 Ra8 28.Bxb7 Rxa4 29.Qa2 Kc7  1/2-1/2

[Event "4th Open"]
[Site "Marseille FRA"]
[Date "2003.07.01"]
[Round "5"]
[White "Petrosian,S"]
[Black "Pascal,P"]
[Result "1-0"]
[WhiteElo "2424"]
[BlackElo "2193"]

1.c4 e5 2.g3 Bc5 3.Bg2 Nc6 4.e3 Nf6 5.Nc3 O-O 6.Nge2 Re8 7.O-O Bf8 8.d4 d6
9.d5 Ne7 10.b4 Bd7 11.c5 Nc8 12.cxd6 Bxd6 13.Qb3 Qe7 14.Rb1 a6 15.e4 Na7
16.a4 Nc8 17.h3 a5 18.bxa5 Rxa5 19.Qxb7 Nb6 20.Nb5 Nxa4 21.Nxd6 cxd6 22.Be3 Nc5
23.Qc7 Rb5 24.Nc3 Rb3 25.Rxb3 Nxb3 26.Qb6 Nc5 27.Ra1 Rc8 28.Ra7 Qf8 29.Bf1 Be8
30.f3 Nfd7 31.Qa5 f5 32.Be2 Bg6 33.exf5 Qxf5 34.Ra8 Qf8 35.Rxc8 Qxc8 36.Nb5 Qb8
37.Qa3 h6 38.f4 exf4 39.Bxf4 Qe8 40.Qe3 Qxe3+ 41.Bxe3 Bd3 42.Bxd3 Nxd3 43.Bd4 Nb4
44.Nc7 Kf7 45.Bc3 Nd3 46.Kf1 Nf6 47.Ke2 Ne5 48.Bxe5 dxe5 49.Kd3 Ke7 50.Kc4 Ne4
51.g4 g5 52.Ne6 Kd6 53.Nd8 Ke7 54.Ne6 Kd6 55.Ng7 Nd2+ 56.Kd3 Nf3 57.Ke4 Nd2+
58.Kd3 Nf3 59.Ke3 Ng1 60.Ke4 Nxh3 61.Nf5+ Kd7 62.Kxe5 Nf4 63.Nxh6 Nd3+ 64.Ke4 Nf2+
65.Kf3 Nd3 66.Ke4 Nf2+ 67.Kd4 Kd6 68.Nf5+ Kd7 69.Ne3 Kd6 70.Kc4 Ke5 71.Kc5 Ne4+
72.Kc6 Kf4 73.d6 Kxe3 74.d7 Kf4 75.d8=Q Kxg4 76.Kd5  1-0

[Event "FSGM July"]
[Site "Budapest HUN"]
[Date "2003.07.05"]
[Round "1"]
[White "Medvegy,Z"]
[Black "Ovsejevitsch,S"]
[Result "1/2-1/2"]
[WhiteElo "2498"]
[BlackElo "2497"]

1.c4 e5 2.g3 Nc6 3.Bg2 g6 4.Nc3 Bg7 5.e3 d6 6.Nge2 f5 7.d3 Nf6 8.O-O O-O
9.Rb1 a5 10.a3 Ne7 11.f4 exf4 12.Nxf4 c6 13.b4 axb4 14.axb4 g5 15.Nfe2 h6
16.b5 c5 17.d4 Ng6 18.dxc5 dxc5 19.Qxd8 Rxd8 20.Nd5 Nxd5 21.Bxd5+ Kh8 22.e4 fxe4
23.Bb2 Ne5 24.Bxe5 Bxe5 25.Rf7 Bg4 26.Re1 Ra2 27.Re7 Bg7 28.Rxe4 Bf3 29.Re7 Bxd5
30.cxd5 Rxd5 31.Rxb7 Re5 32.Kf1 Rb2 33.b6 Re6 34.Rc7  1/2-1/2

[Event "ch-IRL"]
[Site "Dublin IRL"]
[Date "2003.07.05"]
[Round "1"]
[White "Daly,C"]
[Black "Freeman,G"]
[Result "1-0"]
[WhiteElo "2355"]
[BlackElo "2091"]

1.c4 e5 2.g3 Nf6 3.Bg2 Be7 4.Nc3 O-O 5.d3 c6 6.Bg5 h6 7.Bxf6 Bxf6 8.e3 d6
9.Nge2 Be6 10.O-O Qc8 11.b4 Bh3 12.Bxh3 Qxh3 13.b5 Nd7 14.bxc6 bxc6 15.Rb1 Nc5
16.Ne4 Nxe4 17.dxe4 Qe6 18.Qa4 Rfc8 19.Rfd1 Bd8 20.Rb7 Bb6 21.Nc3 Bc5 22.Qb3 Qg4
23.Kg2 Rf8 24.h3 Qg6 25.Qc2 Rab8 26.Rdb1 Rxb7 27.Rxb7 a5 28.Na4 Bb4 29.Qd3 f5
30.exf5 Rxf5 31.Rb8+ Kh7 32.f3 Rf6 33.Qxg6+ Kxg6 34.Rc8 d5 35.cxd5 cxd5 36.Rd8 Rc6
37.Rxd5 Rc2+ 38.Kf1 Rxa2 39.Nb6 Bc3 40.Rc5 Bb2 41.Rc2 Ra1+ 42.Ke2 Rh1 43.Nc4 Bc1
44.Nxe5+ Kf5 45.Nd3 Ba3 46.e4+ Kf6 47.Rc6+ Ke7 48.h4 Bd6 49.e5 Bb4 50.Ke3 h5
51.Nxb4 axb4 52.Rb6 Rb1 53.Kf4 b3 54.Rb7+ Kd8 55.Rxg7 Rc1 56.Rb7 Rc3 57.g4  1-0

[Event "White Nights"]
[Site "St Petersburg RUS"]
[Date "2003.07.05"]
[Round "7"]
[White "Kashljak,A"]
[Black "Bratchenko,A"]
[Result "0-1"]
[WhiteElo "2332"]
[BlackElo "2396"]

1.c4 e5 2.g3 f5 3.d4 Nc6 4.dxe5 Nxe5 5.e3 Nf6 6.Nc3 c6 7.Nh3 d6 8.Nf4 g5
9.Nh5 g4 10.Nf4 Nf3+ 11.Ke2 Bg7 12.Bg2 Ne5 13.b3 O-O 14.Bb2 Qe7 15.Qc2 Ng6
16.Nxg6 hxg6 17.Rhe1 Nh7 18.Kf1 Be6 19.Rad1 Rad8 20.f4 gxf3 21.Bxf3 Ng5 22.Bg2 Nf7
23.Kg1 Ne5 24.Qd2 Ng4 25.h3 Ne5 26.Qf2 a6 27.Rd2 g5 28.Ne2 Bf7 29.Nd4 Bg6
30.Red1 Bh6 31.Re1 Rde8 32.Nf3 Nf7 33.Rde2 Nd8 34.Nd4 Kh7 35.Kh1 Rf7 36.Bc1 Qf8
37.Bd2 Bh5 38.Nf3 Ne6 39.e4 fxe4 40.Rxe4 Bxf3 41.Bxf3 Rxf3 42.Qe2 Qf7 43.Rxe6 Rxe6  0-1

[Event "31st World Open"]
[Site "Philadelphia USA"]
[Date "2003.07.06"]
[Round "8"]
[White "Frumkin,E"]
[Black "Kafka,G"]
[Result "1/2-1/2"]
[WhiteElo "2072"]
[BlackElo "2103"]

1.c4 e5 2.g3 d6 3.Bg2 f5 4.d4 Be7 5.dxe5 dxe5 6.Qxd8+ Bxd8 7.b3 e4 8.Bb2 Bf6
9.Nc3 c6 10.O-O-O Ne7 11.f3 exf3 12.exf3 O-O 13.f4 Be6 14.Nf3 Na6 15.Rhe1 Kf7
16.Ne5+ Bxe5 17.Rxe5 Ng6 18.Re2 Rad8 19.Red2 Rxd2 20.Rxd2 Re8 21.Ba3 Nb8
22.Bc5 a6 23.Ne2 Nd7 24.Bd4 Nf6 25.Bxf6 Kxf6 26.Nd4  1/2-1/2

[Event "26th Open"]
[Site "Barbera del Valles ESP"]
[Date "2003.07.07"]
[Round "2"]
[White "De la Rocha,R"]
[Black "Pablo Marin,A"]
[Result "1-0"]
[WhiteElo "2291"]
[BlackElo "2419"]

1.c4 e5 2.g3 Nc6 3.Bg2 Nf6 4.Nc3 Bc5 5.a3 a5 6.e3 O-O 7.Nge2 Re8 8.O-O d6
9.d4 Bb6 10.h3 Bd7 11.b3 Qc8 12.Kh2 Ne7 13.e4 exd4 14.Nxd4 Nc6 15.Nde2 Re5
16.Nd5 Nxd5 17.cxd5 Ne7 18.f4 Rh5 19.f5 Nxf5 20.exf5 Rxf5 21.Nf4 Qf8 22.Bb2 Re8
23.Qc2 Re3 24.Be4 g6 25.Ng2 Rh5 26.h4 Qe7 27.Bf3 Rhe5 28.Nxe3 Rxe3 29.Bc1 Bf5
30.Qb2 Rxf3 31.Rxf3  1-0

[Event "Andorra"]
[Site "Andorra la Vella AND"]
[Date "2003.07.09"]
[Round "5"]
[White "Paunovic,D"]
[Black "Klenburg,M"]
[Result "1-0"]
[WhiteElo "2496"]
[BlackElo "2377"]

1.c4 e5 2.g3 d6 3.Bg2 f5 4.Nc3 Nf6 5.d3 g6 6.e4 c6 7.Nge2 Bg7 8.O-O O-O 9.exf5 gxf5
10.d4 Na6 11.b3 Re8 12.dxe5 dxe5 13.Ba3 Qa5 14.Na4 Be6 15.Qe1 Qc7 16.Rd1 Qf7
17.Qd2 Qh5 18.Rfe1 Rad8 19.Qxd8 Rxd8 20.Rxd8+ Kf7 21.Rdd1 Bh6 22.Bc1 Bxc1
23.Nxc1 f4 24.Nd3 Nd7 25.gxf4 e4 26.Bxe4 Bg4 27.Rc1 Kf8 28.Re3 Nf6 29.Bg2 Bf5
30.Ne5 Nb4 31.Nc3 Nc2 32.Rg3 Nd4 33.Re1 Qh4 34.Nf3 Nxf3+ 35.Rxf3 Bg4 36.Rfe3 Bh5
37.Ne4 Qxf4 38.Nxf6 Qxf6 39.Re5 Bg6 40.R1e3 Qd6 41.h3 Qd8 42.Be4 Qd1+ 43.Kg2 Bh5
44.Bf3 Bxf3+ 45.Rxf3+ Kg7 46.Re7+ Kg6 47.Rxb7  1-0

[Event "Andorra"]
[Site "Andorra la Vella AND"]
[Date "2003.07.09"]
[Round "5"]
[White "Berkovich,M"]
[Black "Narciso Dublan,M"]
[Result "0-1"]
[WhiteElo "2410"]
[BlackElo "2518"]

1.g3 e5 2.c4 Nc6 3.Bg2 Bc5 4.Nc3 d6 5.Nf3 Nge7 6.Na4 Be6 7.Nxc5 dxc5 8.d3 f6
9.Be3 b6 10.O-O O-O 11.Nd2 Qe8 12.Re1 Rd8 13.Qa4 a5 14.Ne4 Bd7 15.Qd1 Qh5
16.Nc3 Bh3 17.Bh1 Be6 18.Nb5 Rd7 19.Qa4 g5 20.Nc3 Nd4 21.Bxd4 Rxd4 22.a3 Bd7
23.Qc2 Rd6 24.b4 f5 25.Nd5 Rh6 26.Nxe7+ Kf7 27.Bg2 Qxh2+ 28.Kf1 f4 29.e3 Bh3
30.Bxh3 f3  0-1

[Event "FSGM July"]
[Site "Budapest HUN"]
[Date "2003.07.09"]
[Round "5"]
[White "Jakab,A"]
[Black "Shahade,J"]
[Result "1/2-1/2"]
[WhiteElo "2442"]
[BlackElo "2366"]

1.c4 e5 2.g3 Nf6 3.Bg2 Nc6 4.Nc3 Bc5 5.e3 O-O 6.Nge2 Re8 7.d3 d6 8.O-O Bb6
9.Rb1 Ne7 10.b4 c6 11.d4 exd4 12.Nxd4 d5 13.cxd5 Nexd5 14.Nxd5 Nxd5 15.Rb3 Bd7
16.Bb2 Qe7 17.b5 Rad8 18.bxc6 bxc6 19.Qc2 Nb4 20.Qc3 Nxa2 21.Qc4 c5 22.Nc6 Bxc6
23.Bxc6 Qe6 24.Qa4 Re7 25.Ba3 Rc7 26.Bf3 c4 27.Rb2 Nc3 28.Qa6 Ne4 29.Rc1 Nxf2
30.Rxf2 Qxe3 31.Rf1 Qe6 32.Kg2 Bxf2 33.Qxe6 fxe6 34.Kxf2 Rd2+ 35.Kg1 Rf7
36.Rb1 g5 37.Bg4 Kg7 38.Bxe6 Rff2 39.Rb7+ Kh6 40.Bxc4 Rg2+ 41.Kf1 Rxh2 42.Kg1  1/2-1/2

[Event "Andorra"]
[Site "Andorra la Vella AND"]
[Date "2003.07.10"]
[Round "6"]
[White "Ivanisevic,I"]
[Black "Ivanov,J"]
[Result "1-0"]
[WhiteElo "2563"]
[BlackElo "2412"]

1.c4 e5 2.g3 Nc6 3.Bg2 g6 4.Nc3 Bg7 5.e3 d6 6.Nge2 h5 7.h3 Nh6 8.Rb1 Be6
9.b3 Qd7 10.Ne4 Nb4 11.d3 Nxa2 12.Ba3 c5 13.Bxc5 dxc5 14.Nxc5 Qe7 15.b4 O-O
16.Qd2 a5 17.Nxe6 fxe6 18.Qxa2 axb4 19.Qd2 Ra3 20.O-O b3 21.Nc1 h4 22.g4 e4
23.Rxb3 Rxb3 24.Nxb3 Qa3 25.Rb1 exd3 26.Qxd3 Kh7 27.Nc1 Qa5 28.Ne2 Rd8 29.Qe4 e5
30.g5 Nf5 31.Qg4 Rd2 32.Be4 Ne7 33.Qxh4+ Kg8 34.Qg4 Qd8 35.Rxb7  1-0

[Event "ch-BEL"]
[Site "Eupen BEL"]
[Date "2003.07.10"]
[Round "6"]
[White "Vandevoort,P"]
[Black "Dgebuadze,A"]
[Result "0-1"]
[WhiteElo "2353"]
[BlackElo "2553"]

1.c4 e5 2.g3 Nc6 3.Bg2 g6 4.Nc3 d6 5.e3 Bg7 6.Nge2 Nf6 7.Rb1 a5 8.d3 O-O
9.O-O Bg4 10.h3 Be6 11.e4 Nd7 12.Nd5 f5 13.b3 Kh8 14.a3 Rb8 15.Kh2 Bg8 16.b4 axb4
17.axb4 Ne7 18.f4 c6 19.Ne3 Qc7 20.Qc2 b5 21.exf5 bxc4 22.dxc4 Nxf5 23.Nxf5 Rxf5
24.Be3 exf4 25.Rxf4 Rxf4 26.Bxf4 Ne5 27.c5 d5 28.Nd4 Re8 29.b5 cxb5 30.Nxb5 Qe7
31.Nd6 Rd8 32.Rb7 Rd7 33.Rb8 Rd8 34.Rxd8 Qxd8 35.c6 Qc7 36.Bxe5 Bxe5 37.Nb5 Bxg3+
38.Kh1 Qe5 39.Qc3 Qxc3 40.Nxc3 d4 41.Nb5 d3 42.Bf3 d2 43.c7 Be6 44.Kg2 Bf4
45.Bd1 Kg7 46.Kf3 g5 47.h4 Kf6 48.Nc3 h6 49.Bb3 Bxc7 50.Ne4+ Ke5 51.Nxd2 g4+
52.Kg2 Bd7 53.Bc2 Kf4 54.Nf1 Bc6+ 55.Kg1 Bb6+ 56.Kh2 Bf2  0-1

[Event "32nd TCh-GRE"]
[Site "Kallithea Chalkidiki GRE"]
[Date "2003.07.10"]
[Round "8"]
[White "Baloutsou,V"]
[Black "Makka,I"]
[Result "1/2-1/2"]
[WhiteElo "2043"]
[BlackElo "2275"]

1.c4 e5 2.g3 Nf6 3.Nc3 d5 4.cxd5 Nxd5 5.Bg2 Nb6 6.Nf3 Nc6 7.d3 Be7 8.O-O O-O
9.a3 Re8 10.b4 Bf8 11.Be3 Bg4 12.Rc1 Nd4 13.Bxd4 exd4 14.Ne4 Rb8 15.Qb3 c6
16.Rc2 Qd7 17.Rfc1 a6 18.a4 Be6 19.Qa3 Qe7 20.Nc5 Nd7 21.Nxd4 a5 22.Ndxe6 fxe6
23.Qb3 axb4 24.Bh3 Nxc5 25.Rxc5 Qf6 26.R5c4 Kh8 27.Rf4 Qh6 28.Bg2 Bd6 29.Rfc4 Ra8
30.e3 Ra5 31.Rh4 Rh5 32.Rxh5 Qxh5 33.Rc4 Qe5 34.Qa2 Qh5 35.Qc2 Rf8 36.Rh4 b3
37.Qxb3 Qe2 38.Rf4 Bxf4 39.exf4 Qe1+ 40.Bf1 Rb8 41.Qb6 h6 42.Qa7 Rd8 43.Qxb7 Rxd3
44.Qxc6 Rd1 45.Qc8+ Kh7 46.Qc2+ Kg8 47.Qc8+ Kf7 48.Qc4 Rc1 49.Qd3 Rd1 50.Qc4 Rd2
51.Qc5 Rd5 52.Qc4 Rd1 53.Kg2 Rc1 54.Qd3 Rd1 55.Qc4 Rc1 56.Qd3 Rd1 57.Qb5 Qe4+
58.Kg1 Qd4 59.Qh5+ Kf8 60.Qe2  1/2-1/2

[Event "Junior Open"]
[Site "Saint Lo FRA"]
[Date "2003.07.10"]
[Round "2"]
[White "Guezennec,F"]
[Black "Gutierrez Castillo,O"]
[Result "1/2-1/2"]
[WhiteElo "2134"]
[BlackElo "2219"]

1.c4 e5 2.g3 f5 3.Bg2 Nf6 4.Nc3 Be7 5.d3 O-O 6.e3 Nc6 7.Nge2 d6 8.O-O Be6
9.Rb1 a5 10.Nd5 e4 11.Nxf6+ Bxf6 12.dxe4 Bxc4 13.b3 Ba6 14.exf5 Nb4 15.a3 Bd3
16.axb4 Bxb1 17.bxa5 c6 18.g4 Qxa5 19.Nf4 Ba2 20.Ne6 Rf7 21.Be4 Qb4 22.Bc2 Ra5
23.f4 Rd5 24.Qf3 Bxb3 25.Be4 Rd1 26.Rxd1 Bxd1 27.Qxd1 Qxe4 28.Qxd6 Be7 29.Qd7 Bf8
30.Qxf7+ Kxf7 31.Ng5+ Ke8 32.Nxe4 b5 33.Kf2 c5 34.Ke2 Kd7 35.Bb2 Kc6 36.Kd2 Kd5
37.Nf2 b4 38.e4+ Kc4 39.f6 gxf6 40.Bxf6 Kb3 41.Nd1 c4 42.g5 Bd6 43.Be5 c3+
44.Nxc3 bxc3+ 45.Bxc3 Bxf4+ 46.Kd3 Bxg5 47.Be5 Kb4 48.Bd6+ Kb5 49.e5 Kc6
50.Ke4 Kd7 51.Kf5 Bh4 52.Bb4 Ke8 53.Bd2 Kf7 54.Bg5 Bf2 55.h4 Be1 56.h5 Bf2
57.Bd2 Bd4 58.Bf4 Bc3 59.Kg5 Ke6  1/2-1/2

[Event "32nd TCh-GRE"]
[Site "Kallithea Chalkidiki GRE"]
[Date "2003.07.11"]
[Round "9"]
[White "Mastrovasilis,A"]
[Black "Solak,D"]
[Result "1/2-1/2"]
[WhiteElo "2499"]
[BlackElo "2521"]

1.c4 e5 2.g3 Nc6 3.Bg2 f5 4.Nc3 Nf6 5.d3 Bb4 6.Bd2 d6 7.Nf3 O-O 8.O-O Bd7
9.a3 Bxc3 10.Bxc3 Qe8 11.e3  1/2-1/2

[Event "25th Open"]
[Site "Oberwart AUT"]
[Date "2003.07.11"]
[Round "7"]
[White "Stanec,N"]
[Black "Fogarasi,T"]
[Result "1/2-1/2"]
[WhiteElo "2560"]
[BlackElo "2470"]

1.c4 e5 2.g3 Nf6 3.Bg2 d5 4.cxd5 Nxd5 5.Nf3 Nc6 6.O-O Nb6 7.b3 Bd6 8.Bb2 O-O
9.d3 Qe7 10.a3 a5 11.Nbd2 f5 12.Qc2 Kh8 13.Rfe1 Bd7 14.e4 f4 15.d4 Bg4 16.d5 Nb8
17.Nh4 Qf6 18.h3 Bd7 19.Ndf3 a4 20.b4 Na6 21.Nf5 fxg3 22.fxg3 Bxf5 23.exf5 Qxf5
24.Qxf5 Rxf5 25.Nxe5 Raf8 26.Re2 Nb8 27.h4 N8d7 28.Nxd7 Nxd7 29.Bh3 R5f7
30.Be6 Re7 31.Kg2 h5 32.Rc1 Nb6 33.Rcc2 Kh7 34.Bd4 Nd7 35.Rf2 Rxf2+ 36.Rxf2 c6
37.Bf5+ g6 38.Bc2 c5 39.bxc5 Bxc5 40.Bxc5 Nxc5 41.d6 Re6 42.Rd2 Re8 43.d7 Rd8
44.Rd5 b6 45.Rd6 Rxd7 46.Bxg6+ Kg7 47.Rxb6 Rd2+ 48.Kh3 Ra2 49.Bxh5 Rxa3 50.Rg6+ Kf8
51.Be2 Ne4  1/2-1/2

[Event "25th Open"]
[Site "Oberwart AUT"]
[Date "2003.07.12"]
[Round "8"]
[White "Golubovic,B"]
[Black "Golovchenko,G"]
[Result "1-0"]
[WhiteElo "2427"]
[BlackElo "2317"]

1.c4 e5 2.g3 d6 3.Bg2 Nc6 4.Nc3 f5 5.d3 Nf6 6.e3 g6 7.Nge2 Bg7 8.O-O O-O
9.b3 Rb8 10.Qd2 a6 11.Bb2 Bd7 12.Rac1 h6 13.Nd5 Ne7 14.f4 Nfxd5 15.cxd5 c6
16.Ba3 Be8 17.fxe5 Bxe5 18.d4 Bf6 19.Nf4 Qd7 20.Qb4 Nxd5 21.Nxd5 cxd5 22.Qxd6 Qxd6
23.Bxd6 Bc6 24.Bxf8 Rxf8 25.Rc5 Rd8 26.Rfc1 Rd6 27.Bf1 Re6 28.R5c3 g5 29.Kf2 f4
30.Rd1 Re4 31.Bg2 fxe3+ 32.Rxe3 Rxd4 33.Red3 Rb4 34.Bxd5+ Bxd5 35.Rxd5 Kg7
36.Rc1 Kg6 37.Rc4 Rb6 38.Rc7 Rb4 39.Rdd7 b6 40.Rc6 Rb5 41.Rdd6 Rf5+ 42.Kg2  1-0

[Event "13th S&WYM Rated"]
[Site "Millfield School ENG"]
[Date "2003.07.15"]
[Round "7"]
[White "Deva,C"]
[Black "Lutton,J"]
[Result "1/2-1/2"]
[WhiteElo "2148"]
[BlackElo "2133"]

1.c4 e5 2.g3 Nc6 3.Bg2 f5 4.Nc3 Nf6 5.e3 Bb4 6.Nd5 O-O 7.a3 Be7 8.d3 d6 9.b4 Nxd5
10.Bxd5+ Kh8 11.Ne2 Qe8 12.f4 exf4 13.exf4 Bf6 14.Ra2 Nd4 15.O-O c6 16.Bg2 Be6
17.Nxd4 Bxd4+ 18.Kh1 Qd7 19.Re1 Rae8 20.Rae2 Bf7 21.Bf3 c5 22.Rxe8 Rxe8 23.Rxe8+ Bxe8
24.Qe2 Bf7 25.Be3 Bxe3 26.Qxe3 b6 27.Kg2 Kg8  1/2-1/2

[Event "BCSA Open"]
[Site "Batumi GEO"]
[Date "2003.07.18"]
[Round "2"]
[White "Mgeladze,T"]
[Black "Gelashvili,T"]
[Result "1-0"]
[WhiteElo "2293"]
[BlackElo "2520"]

1.g3 e5 2.c4 d6 3.Bg2 f5 4.Nc3 Nf6 5.d3 Be7 6.f4 exf4 7.gxf4 Ng4 8.Nf3 Bh4+
9.Nxh4 Qxh4+ 10.Kd2 Qf2 11.Qf1 Qe3+ 12.Kc2 Qe6 13.Nd5 Na6 14.h3 Nh6 15.Bd2 c6
16.Nb4 Nc7 17.Nxc6 bxc6 18.Bxc6+ Bd7 19.Bxa8 Nxa8 20.Qg2 O-O 21.Rhg1 g6 22.Bc3 Nb6
23.b3 Rc8 24.Qf2 Kf8 25.Rae1 d5 26.Qh4 Ng8 27.Qxh7 Ne7 28.Bb4 Be8 29.Bxe7+ Qxe7
30.Qh8+ Kf7 31.Rxg6 Kxg6 32.Rg1+ Kf7 33.Rg7+ Ke6 34.Rxe7+ Kxe7 35.Qe5+ Kd8
36.Qxf5 Rc6 37.Kd2 dxc4 38.bxc4 Nd7 39.Qa5+ Rc7 40.Qg5+ Kc8 41.Qg8 Kd8 42.e4 Rc6
43.Qg5+ Kc8 44.Qe7 Bh5 45.f5 Rf6 46.Qh7 Be8 47.e5 Rf7 48.Qg6 Nxe5 49.Qe6+ Bd7
50.Qxe5 Rxf5 51.Qh8+ Kc7 52.h4 Rf2+ 53.Ke3 Rxa2 54.h5 Ra6 55.h6 Re6+ 56.Kd2 Re7
57.Qf6  1-0

[Event "KB Czech Open"]
[Site "Pardubice CZE"]
[Date "2003.07.20"]
[Round "3"]
[White "Volke,K"]
[Black "Castaldo,F"]
[Result "1-0"]
[WhiteElo "2477"]
[BlackElo "2322"]

1.c4 e5 2.g3 Nf6 3.Bg2 d5 4.cxd5 Nxd5 5.Nf3 Nc6 6.O-O Nb6 7.d3 Be7 8.Nbd2 O-O
9.a3 a5 10.b3 Be6 11.Bb2 f6 12.Qc2 Qd7 13.Rfd1 Rfd8 14.Rac1 Qe8 15.e3 Qf8
16.Ra1 Qf7 17.d4 exd4 18.Nxd4 Nxd4 19.Bxd4 c5 20.Bxc5 Rdc8 21.b4 Nd5 22.Qb2 Bxc5
23.bxc5 Rxc5 24.Ne4 Rc6 25.Rab1 Rb6 26.Qd4 Rc6 27.Nc5 Rxc5 28.Qxc5 Rc8 29.Qxc8+ Bxc8
30.Bxd5 Be6 31.Rxb7  1-0

[Event "ch-NED Open"]
[Site "Dieren NED"]
[Date "2003.07.22"]
[Round "1"]
[White "Heemskerk,W"]
[Black "Zimmerman,L"]
[Result "1/2-1/2"]
[WhiteElo "2266"]
[BlackElo "2103"]

1.c4 e5 2.g3 Nf6 3.Bg2 c6 4.d4 exd4 5.Qxd4 d5 6.cxd5 cxd5 7.Nf3 Be7 8.O-O Nc6
9.Qa4 O-O 10.Nc3 Qb6 11.Qb5 Qxb5 12.Nxb5 Bf5 13.Be3 a6 14.Nbd4 Nxd4 15.Nxd4 Bg4
16.h3 Bd7 17.Rac1 Rac8 18.Kh2 Rxc1 19.Rxc1 Rc8 20.Rxc8+ Bxc8 21.Nb3 Ne4 22.f3 Nd6
23.Bc5 Kf8 24.f4 Ne4 25.Bd4 Bb4 26.a3 Be1 27.Bxe4 dxe4 28.g4 Be6 29.Nc5 Bd5
30.e3 f6 31.Kg2 Ke7 32.Kf1 Ba5 33.Na4 Bc7 34.Bc5+ Ke6 35.Nc3 Bc6 36.Bd4 g6
37.Kf2 f5 38.g5 b5 39.h4 Bd8 40.Bg7 Bb6 41.Ke2 Bc5  1/2-1/2

[Event "ch-NED Open"]
[Site "Dieren NED"]
[Date "2003.07.23"]
[Round "2"]
[White "Van der Elburg,F"]
[Black "De Vreugt,D"]
[Result "0-1"]
[WhiteElo "2228"]
[BlackElo "2459"]

1.c4 e5 2.g3 Nf6 3.Bg2 d5 4.cxd5 Nxd5 5.Nf3 Nc6 6.O-O Nb6 7.d3 Be7 8.Nbd2 O-O
9.a3 a5 10.b3 Be6 11.Bb2 f6 12.Qc2 Rb8 13.e3 Qd7 14.d4 exd4 15.Nxd4 Nxd4
16.Bxd4 Rfc8 17.Rfd1 c5 18.Bc3 a4 19.Ba5 axb3 20.Nxb3 Qb5 21.Rab1 Bf7 22.Bxb6 Qxb6
23.Rd7 Rc7 24.Nxc5 Qa5 25.Rxc7 Qxc7 26.Rc1 b6 27.Na6 Qxc2 28.Rxc2 Rd8 29.Nb4 Rd1+
30.Bf1 Bg6 31.Rc8+ Kf7 32.Kg2 Be4+ 33.f3 Rd2+ 34.Kg1 Bxf3 35.Bc4+ Kg6 36.Rc7 Bc5
37.Nc2 Be4 38.Nd4 Rg2+ 39.Kf1 Rxh2 40.Be2 Bd6  0-1

[Event "3rd Savaria Summer Open"]
[Site "Szombathely HUN"]
[Date "2003.07.23"]
[Round "5"]
[White "Sebe Vodislav,F"]
[Black "Sergeev,Vl"]
[Result "1/2-1/2"]
[WhiteElo "2300"]
[BlackElo "2451"]

1.c4 e5 2.g3 d6 3.Bg2 g6 4.Nc3 Bg7 5.e4 Nc6 6.Nge2 Nh6 7.O-O O-O 8.d3 f5
9.h3 Kh8 10.Nd5 g5 11.exf5 Nxf5 12.Ne3 Nfd4 13.Nxd4 Nxd4 14.Nc2 Nxc2 15.Qxc2 c6
16.Be3 g4 17.h4 Bf5 18.Qd2 d5 19.cxd5 cxd5 20.d4 e4 21.Bh6 Bxh6 22.Qxh6 Qf6
23.Qd2 Be6 24.Rac1 Rf7 25.Rc2 Raf8 26.Rfc1 a6 27.b3 Bd7 28.a4 h6 29.Qe3 Kg7
30.Rd2 Qd6  1/2-1/2

[Event "ch-NED Open"]
[Site "Dieren NED"]
[Date "2003.07.24"]
[Round "3"]
[White "Compagnie,L"]
[Black "Bosch,Je"]
[Result "0-1"]
[WhiteElo "2197"]
[BlackElo "2450"]

1.c4 e5 2.g3 c6 3.Bg2 Nf6 4.d4 Bb4+ 5.Bd2 Bxd2+ 6.Qxd2 d6 7.Nc3 O-O 8.e3 Be6
9.d5 cxd5 10.cxd5 Bd7 11.Nge2 b5 12.a3 a5 13.O-O Na6 14.b4 Qb6 15.Rab1 axb4
16.axb4 Rfc8 17.Rfc1 Rc4 18.Na2 Bf5 19.Rb2 Ne4 20.Qe1 Rac8 21.Rxc4 Rxc4 22.Rb3 Nf6
23.Nec3 Rc8 24.Qd2 h6 25.e4 Bd7 26.Ne2 Rc4 27.Nec3 Qd4 28.Qb2 Rc8 29.Qe2 Nc7
30.h3 Ra8 31.Rb2 Ra3 32.Rd2 Qa7 33.Qd1 Na8 34.Bf1 Nb6 35.Bxb5 Nxe4 36.Nxe4 Bxb5
37.Nxd6 Bd7 38.Qb1 Nxd5 39.Rxd5 Rxg3+ 40.Kf1 Bxh3+ 41.Ke2 Bg4+ 42.Kf1 Rh3
43.Qc2 Qa8 44.Qc4 Bf3  0-1

[Event "KB Czech Open"]
[Site "Pardubice CZE"]
[Date "2003.07.24"]
[Round "7"]
[White "Volke,K"]
[Black "Fernando,D"]
[Result "1/2-1/2"]
[WhiteElo "2477"]
[BlackElo "2391"]

1.c4 e5 2.g3 g6 3.Bg2 Bg7 4.Nc3 d6 5.d3 f5 6.e4 Nf6 7.Nge2 O-O 8.exf5 gxf5
9.d4 c6 10.O-O Na6 11.b3 Qe7 12.Ba3 e4 13.Nf4 Nc7 14.d5 c5 15.Bb2 Ng4 16.Qe2 Bd7
17.Nd1 Ne5 18.f3 Rae8 19.fxe4 fxe4 20.Ne3 Nf3+ 21.Kh1 Nd4 22.Qd2 Qg5 23.Rae1 Na6
24.Nd1 Bg4 25.Nf2 Nf3 26.Bxf3 exf3 27.Bxg7 Qxg7 28.Ne6 Bxe6 29.dxe6 Rf6 30.Qxd6 Qg6
31.Qd5 Nc7 32.Qxb7 Nxe6 33.Re4  1/2-1/2

[Event "26th Asian Juniors"]
[Site "Negombo SRI"]
[Date "2003.07.25"]
[Round "9"]
[White "Nguyen Ngoc Truongson"]
[Black "Rohit,G"]
[Result "1-0"]
[WhiteElo "2435"]
[BlackElo "2397"]

1.c4 e5 2.g3 Nc6 3.Bg2 Nf6 4.Nc3 Bb4 5.Nd5 Bc5 6.e3 d6 7.Ne2 Bg4 8.a3 a5
9.b3 Nxd5 10.cxd5 Ne7 11.Bb2 Bb6 12.h3 Bh5 13.g4 Bg6 14.d4 f6 15.Ng3 Qd7
16.O-O O-O 17.Kh2 Rae8 18.Rc1 Kh8 19.h4 Bf7 20.h5 h6 21.e4 c6 22.dxc6 bxc6
23.dxe5 fxe5 24.Bxe5 Be6 25.Qxd6 Rxf2 26.Rxf2 Bxf2 27.Qxd7 Bxd7 28.Rf1 Bxg3+
29.Kxg3 Be6 30.Rf3 Kg8 31.Rc3 Kf7 32.Rf3+ Kg8 33.Rc3 Kf7 34.Bf1 Rd8 35.Bc7 Ra8
36.Rf3+ Kg8 37.Bd6 Re8 38.a4 Kh7 39.b4 Nc8 40.Bc5 axb4 41.Bxb4 Nb6 42.a5 Nd7
43.a6 c5 44.Bc3 c4 45.Bd4 Nb8 46.a7 Nc6 47.Bc5 Ra8 48.Ra3 Ne5 49.Kf4 Nd7
50.Bd4 c3 51.Rxc3  1-0

[Event "TCh-Europe u18"]
[Site "Balatonlelle HUN"]
[Date "2003.07.26"]
[Round "7"]
[White "Wolfram,B"]
[Black "Miljkovic,Mir"]
[Result "1/2-1/2"]
[WhiteElo "2200"]
[BlackElo "2414"]

1.c4 e5 2.g3 Nc6 3.Bg2 Nf6 4.Nc3 Bc5 5.e3 O-O 6.Nge2 Re8 7.d3 d6 8.O-O Bg4
9.h3 Bxe2 10.Qxe2 Qd7 11.Bd2 Ne7 12.Rab1 c6 13.Ne4 Nxe4 14.dxe4 a5 15.Bc3 Bb4
16.Qd2 Bxc3 17.Qxc3 Ng6 18.Rbd1 Qc7 19.f4 Nf8 20.b3 exf4 21.exf4 Ne6 22.Kh2 c5
23.a3 Nd4 24.Rf2 Re7 25.b4 axb4 26.axb4 b6 27.Rb2 Rae8 28.bxc5 bxc5 29.Qa3 h5
30.Rdb1 Qa7 31.Qd3 Qa4 32.Rb6 Rd8 33.Rb8 Ree8 34.R8b7 Qc2 35.Qxc2 Nxc2 36.e5 Nd4
37.Bc6 Rf8 38.Re1 Nc2 39.Rc1 Nb4 40.Bf3 dxe5 41.fxe5 Rd2+ 42.Kg1 Nd3 43.Rd1 Nxe5
44.Bxh5 Rxd1+ 45.Bxd1 Rd8 46.Be2 Rd2 47.Kf1 g6 48.Rc7 Nd7 49.Bg4 f5 50.Bf3 Kf8
51.Bd5 Ke7 52.Rc6 g5 53.Re6+ Kf8 54.Rg6 f4 55.Rxg5 fxg3 56.Rxg3 Nf6 57.Rf3  1/2-1/2

[Event "ch-NED Open"]
[Site "Dieren NED"]
[Date "2003.07.26"]
[Round "5"]
[White "Van Leent,D"]
[Black "Heltzel,J"]
[Result "1-0"]
[WhiteElo "2208"]
[BlackElo "2078"]

1.c4 e5 2.g3 Nf6 3.Bg2 d5 4.cxd5 Nxd5 5.Nf3 Nc6 6.d3 Be7 7.O-O O-O 8.Nbd2 Nb6
9.a3 a5 10.b3 f5 11.Bb2 Bf6 12.Rc1 Re8 13.Ne1 h5 14.e4 h4 15.f4 exf4 16.Bxf6 Qxf6
17.gxf4 Be6 18.e5 Qh6 19.h3 Bd5 20.Kh1 Rad8 21.Nc4 Nd4 22.Nxa5 Ne6 23.Qd2 Bxg2+
24.Nxg2 Rd5 25.Ne3 Rd7 26.Nxb7 Nd4 27.Nc5 Rdd8 28.b4 Kh8 29.a4 Nxa4 30.Nxa4 Nb3
31.Qf2 Nxc1 32.Rxc1 Rxd3 33.Nc5 Rd4 34.Rc4 Rxc4 35.Nxc4 Rb8 36.e6 Rxb4 37.Ne5 Kh7
38.Ned3 Rb1+ 39.Kh2 Qh5 40.e7 Qf7 41.Qxh4+ Kg8 42.Qg5 Qa2+ 43.Kg3 Qe2 44.Kh4 Rb6
45.Nd7 Rd6 46.N7e5 Re6 47.Qxf5 Rxe7 48.Qc8+ Kh7 49.Qf8 g5+ 50.fxg5 Qe4+ 51.Nf4 Qe1+
52.Kg4 Qg1+ 53.Kh5 Qd1+ 54.Ng4  1-0

[Event "KB Czech Open"]
[Site "Pardubice CZE"]
[Date "2003.07.26"]
[Round "9"]
[White "Volke,K"]
[Black "Carlsson,P"]
[Result "1/2-1/2"]
[WhiteElo "2477"]
[BlackElo "2361"]

1.c4 e5 2.g3 Nf6 3.Bg2 c6 4.d4 exd4 5.Qxd4 d5 6.cxd5 cxd5 7.Nf3 Nc6 8.Qa4 Be6
9.O-O Bc5 10.Bg5 h6 11.Qb5 Bb6 12.Bxf6 Qxf6 13.Nc3 O-O 14.Na4 d4 15.Rfd1 Rfd8
16.Nxb6 axb6 17.Qxb6 Bxa2 18.Nd2 Qe7 19.Ne4 Bc4  1/2-1/2

[Event "3rd Savaria Summer Open"]
[Site "Szombathely HUN"]
[Date "2003.07.27"]
[Round "9"]
[White "Sanduleac,V"]
[Black "Csonka,A"]
[Result "0-1"]
[WhiteElo "2487"]
[BlackElo "2327"]

1.g3 e5 2.c4 Nf6 3.Bg2 d5 4.cxd5 Nxd5 5.Nf3 Nc6 6.d3 Be7 7.O-O O-O 8.Nc3 Nb6
9.a3 Re8 10.b4 Bf8 11.Bb2 a5 12.b5 Nd4 13.Nd2 c6 14.bxc6 Nxc6 15.Na4 Nxa4
16.Qxa4 Ra6 17.Rac1 Bd7 18.Qd1 a4 19.Nc4 b5 20.Nd2 Na5 21.Rc2 Be6 22.Qc1 f6
23.Bf3 Qb8 24.Bc3 Nb3 25.Qb2 Rd8 26.Nb1 Bc5 27.Bg2 Qd6 28.Kh1 Ra7 29.Kg1 Rc8
30.e3 Qxd3 31.Bb4 Rac7 32.Rc3 Qd6 33.Bxc5 Rxc5 34.Rxc5 Qxc5 35.Be4 Qc4 36.f3 f5
37.Bb7 Rb8 38.Qxe5 Rxb7 39.Nc3 h6 40.g4 fxg4 41.Ne4 Qd5 42.Qg3 Rf7  0-1